|
|
|
|
| LEADER |
02266nam a22004695i 4500 |
| 001 |
978-0-387-70956-7 |
| 003 |
DE-He213 |
| 005 |
20151120214550.0 |
| 007 |
cr nn 008mamaa |
| 008 |
100301s2007 xxu| s |||| 0|eng d |
| 020 |
|
|
|a 9780387709567
|9 978-0-387-70956-7
|
| 024 |
7 |
|
|a 10.1007/978-0-387-70956-7
|2 doi
|
| 040 |
|
|
|d GrThAP
|
| 050 |
|
4 |
|a RC321-580
|
| 072 |
|
7 |
|a PSAN
|2 bicssc
|
| 072 |
|
7 |
|a MED057000
|2 bisacsh
|
| 082 |
0 |
4 |
|a 612.8
|2 23
|
| 245 |
1 |
0 |
|a Semaphorins: Receptor and Intracellular Signaling Mechanisms
|h [electronic resource] /
|c edited by R. J. Pasterkamp.
|
| 264 |
|
1 |
|a New York, NY :
|b Springer New York,
|c 2007.
|
| 300 |
|
|
|a XIV, 147 p.
|b online resource.
|
| 336 |
|
|
|a text
|b txt
|2 rdacontent
|
| 337 |
|
|
|a computer
|b c
|2 rdamedia
|
| 338 |
|
|
|a online resource
|b cr
|2 rdacarrier
|
| 347 |
|
|
|a text file
|b PDF
|2 rda
|
| 490 |
1 |
|
|a Advances in Experimental Medicine and Biology,
|x 0065-2598 ;
|v 600
|
| 505 |
0 |
|
|a The CRMP Family of Proteins and Their Role in Sema3A Signaling -- GTPases in Semaphorin Signaling -- Intracellular Kinases in Semaphorin Signaling -- MICAL Flavoprotein Monooxygenases: Structure, Function and Role in Semaphorin Signaling -- Signaling of Secreted Semaphorins in Growth Cone Steering -- Modulation of Semaphorin Signaling by Ig Superfamily Cell Adhesion Molecules -- Proteoglycans as Modulators of Axon Guidance Cue Function -- Semaphorin Signals in Cell Adhesion and Cell Migration: Functional Role and Molecular Mechanisms -- Semaphorin Signaling During Cardiac Development -- Semaphorin Signaling in Vascular and Tumor Biology -- Semaphorin Signaling in the Immune System.
|
| 650 |
|
0 |
|a Medicine.
|
| 650 |
|
0 |
|a Cancer research.
|
| 650 |
|
0 |
|a Immunology.
|
| 650 |
|
0 |
|a Neurosciences.
|
| 650 |
1 |
4 |
|a Biomedicine.
|
| 650 |
2 |
4 |
|a Neurosciences.
|
| 650 |
2 |
4 |
|a Cancer Research.
|
| 650 |
2 |
4 |
|a Immunology.
|
| 700 |
1 |
|
|a Pasterkamp, R. J.
|e editor.
|
| 710 |
2 |
|
|a SpringerLink (Online service)
|
| 773 |
0 |
|
|t Springer eBooks
|
| 776 |
0 |
8 |
|i Printed edition:
|z 9780387709550
|
| 830 |
|
0 |
|a Advances in Experimental Medicine and Biology,
|x 0065-2598 ;
|v 600
|
| 856 |
4 |
0 |
|u http://dx.doi.org/10.1007/978-0-387-70956-7
|z Full Text via HEAL-Link
|
| 912 |
|
|
|a ZDB-2-SBL
|
| 950 |
|
|
|a Biomedical and Life Sciences (Springer-11642)
|